Văn phạm tiếng hoa
Đã lưu trong:
| 主要作者: | |
|---|---|
| 格式: | 圖書 |
| 語言: | Chinese |
| 出版: |
H.
Thanh niên
2008
|
| 主題: | |
| 標簽: |
添加標簽
沒有標簽, 成為第一個標記此記錄!
|
| Thư viện lưu trữ: | Trung tâm Học liệu Lê Vũ Hùng, Trường Đại học Đồng Tháp |
|---|
| LEADER | 00697pam a22002298a 4500 | ||
|---|---|---|---|
| 001 | 00026081 | ||
| 005 | 20171026081023.0 | ||
| 008 | 110813s2008 ||||||chisd | ||
| 041 | 0 | # | |a chi |
| 082 | 1 | 4 | |b V115PH |a 495.1 |
| 100 | 0 | # | |a Hoàng Long |
| 245 | 0 | 0 | |a Văn phạm tiếng hoa |c Hoàng Long,Văn Quang |
| 260 | # | # | |a H. |b Thanh niên |c 2008 |
| 300 | # | # | |a 192tr. |c 24cm. |
| 653 | # | # | |a tiếng hoa |
| 653 | # | # | |a văn phạm |
| 653 | # | # | |a tiếng trung quốc |
| 852 | # | # | |b Kho giáo trình |j KGT.0028081 |
| 852 | # | # | |j KGT.0028081 |
| 852 | # | # | |b Kho mượn |j KGT.0028081 |
| 910 | |d 13/08/2011 | ||
| 980 | # | # | |a Trung tâm Học liệu Lê Vũ Hùng, Trường Đại học Đồng Tháp |